Transiti : filosofia e perversione /

Uloženo v:
Podrobná bibliografie
Hlavní autor: Perniola, Mario (Autor)
Médium: Kniha
Jazyk:italština
Vydáno: Roma : Castelvecchi, 1998
Edice:Contatti manuali ; 3
Témata:
Tagy: Přidat tag
Žádné tagy, Buďte první, kdo vytvoří štítek k tomuto záznamu!

MARC

LEADER 00000nam a22000007i 4500
001 IT\ICCU\VIA\0072315
003 ItRI
005 20260115231940.0
008 990204s1998 it |||||| ||||| |||||c
020 |a 8882101134 
040 |b ita  |c importazione bologna sebina 
041 7 |a ita  |2 ISO-639-2 
082 |a 190.9  |9 FILOSOFIA OCCIDENTALE MODERNA E ALTRA FILOSOFIA NON ORIENTALE. Storia, geografia, persone  |2 21 
100 1 |a Perniola, Mario  |0 IT\ICCU\CFIV\065006  |4 aut 
245 1 0 |a Transiti :  |b filosofia e perversione /  |c Mario Perniola. 
260 |a Roma :  |b Castelvecchi,  |c 1998 
300 |a 214 p. :  |b ill. ;  |c 23 cm. 
650 7 |a Filosofia  |x Sec. 20. 
830 0 |a Contatti manuali ;  |v 3  |0 IT\ICCU\TO0\0594047 
942 |2 ddc  |c BK  |n 0 
952 |0 0  |1 0  |4 0  |6 DOC_190_904000000000000_PER  |7 0  |9 17543  |a BO  |b BO  |d 2026-01-15  |i 15493  |l 0  |o DOC 190.904 PER  |p BO15493  |r 2026-01-15 23:19:40  |w 2026-01-15  |x [Sebina 5] [1 v.]  |y BK  |z 1 v. 
999 |c 14962  |d 14962